000 00485nam a2200181Ia 4500
005 20250326141726.0
008 250326s9999 xx 000 0 und d
037 _aTextbook
040 _aFMSL
_beng
_cFMSL
041 _aeng
_2eng
084 _qFMSL
100 _aDenning Basil
_9744963
245 0 _aMaking strategic Planning work in practice
_cDenning Basil
260 _aOxford
_bOxford, Pargamon Press
_c1989
300 _a142p
942 _cTB
999 _c1291678
_d1291678